000 00477nam a2200157 4500
001 132502
003 ES-MaACL
007 t|
008 070214s1974 sp r ||||1| spa d
100 1 _aRomero Peñas, José Luis.
_999423
245 1 0 _aSociología para educadores /
_cJosé Luis Romero Peñas, Juan González-Anleo.
260 _aMadrid :
_bCincel,
_c1974.
300 _a263 p. ;
_c22 cm.
700 1 _aGonzález-Anleo, Juan.
_958425
852 _aES-MaACL
_jE-6876
_bR.91454
999 _c132502
_d132502